000 00511nam a2200205Ia 4500
008 240510s9999 xx 000 0 und d
020 _a9789812402295
041 _aEng
082 _a658.4038
082 _bS71
100 _aSTAIR R.M. : REYNOLDS G.W
245 0 _aPRINCIPLES OF INFORMATION SYSTEMS : A MANAGERIAL APPROACH
250 _a5th ed.
260 _bCOURSE TECHNOLOGY
260 _c2001
300 _a616 p.
650 _aINFORMATION SYSTEMS : MANAGEMENT
942 _2ddc
942 _cLBK
999 _c28043
_d28043
945 _a1
_bMadushi Gamage
_c1
_dMadushi Gamage